| 000 | 00624nam a2200229Ia 4500 | ||
|---|---|---|---|
| 003 | OSt | ||
| 005 | 20220928141238.0 | ||
| 006 | a|||||r|||| 00| 0 | ||
| 007 | ta | ||
| 008 | 220927b |||||||| |||| 00| 0 eng d | ||
| 024 | _a14171 | ||
| 037 | _cTextual | ||
| 040 |
_aSDCL _cSDCL _beng |
||
| 041 |
_2eng _aeng |
||
| 082 | _aO-972(Y15) : (Y15), N6 | ||
| 100 |
_aVevaina Commi S Ed. _9499454 |
||
| 245 | 0 | _aIntersexions. | |
| 260 | _c1996 | ||
| 700 |
_a Godard Barbara Ed. _9499455 |
||
| 942 |
_hO-972(Y15) : (Y15), N6 _cTEXL _2CC |
||
| 999 |
_c816580 _d816580 |
||